000 00317nam a2200145Ia 4500
005 20251222152710.0
008 251222s9999||||xx |||||||||||||| ||spa||
020 _a8408053167
082 _a800/A81
100 _aAsensi, Matilde
245 0 _aPergrinatio
250 _a1ra. ed.
264 _bPlaneta
942 _cLIB
999 _c29175
_d29175